[Event "European Cities & Towns Chess Championship - Youth"]
[Site "Central Europe"]
[Date "2023.01.29"]
[Round "5.1.2"]
[White "Marinidis, Stavros"]
[Black "Uzdemir, Ali Poyraz"]
[Result "0-1"]
[WhiteElo "1378"]
[BlackElo "1638"]
[BlackCountry "TR"]
[BlackFideId "51619733"]
[BlackTeam "Istanbul"]
[WhiteCountry "GR"]
[WhiteFideId "42104904"]
[WhiteTeam "Thessaloniki"]

1. e4 e5 2. Nf3 Nc6 3. Bb5 d6 4. d4 exd4 5. Nxd4 Bd7 6. c4 Nf6 7. Nc3 Be7 
8. O-O O-O 9. Re1 a6 10. Nxc6 bxc6 11. Ba4 Rb8 12. h3 c5 13. Bxd7 Qxd7 14.
 Qe2 Rfe8 15. Bf4 Bd8 16. Rad1 Qe6 17. b3 Nd7 18. Qf3 Ne5 19. Bxe5 Qxe5 
20. Rd5 Qe6 21. e5 Bf6 22. Qg3 Bxe5 23. Qd3 Bh2+ 24. Kxh2 Qxe1 25. Rh5 h6 
26. Qg3 Qe6 27. Nd5 Qg6 28. Qf3 c6 29. Nf4 Qf6 30. Qg3 Re5 31. Rh4 g5 32. 
Rg4 Kh7 33. Nd3 Rf5 34. h4 gxh4 35. Rxh4 Rg8 36. Qh3 Rfg5 37. Nf4 Rf5 38. 
g3 Rfg5 39. Qd7 d5 40. cxd5 cxd5 41. a4 d4 42. Nd3 Qf5 43. Qd6 R5g6 44. 
Qf4 Qxd3 45. Qxf7+ R8g7 46. Qf4 Qe2 47. g4 Qe6 48. Kh3 d3 49. f3 Qe2 50. 
g5 Rxg5 51. Qe4+ Qxe4 52. Rxe4 Rh5+ 53. Rh4 Rxh4+ 54. Kxh4 d2 55. f4 d1=Q 
56. a5 Qh1# 0-1

[Event "European Cities & Towns Chess Championship - Youth"]
[Site "Central Europe"]
[Date "2023.01.29"]
[Round "5.1.3"]
[White "Akkara, Omer"]
[Black "Misios, Konstantinos"]
[Result "1-0"]
[WhiteElo "1443"]
[BlackElo "1357"]
[BlackCountry "GR"]
[BlackFideId "42122406"]
[BlackTeam "Thessaloniki"]
[WhiteCountry "TR"]
[WhiteFideId "26319802"]
[WhiteTeam "Istanbul"]

1. b3 e5 2. Bb2 Nc6 3. e3 d5 4. Bb5 Bd6 5. f4 exf4 6. Bxg7 Qh4+ 7. Kf1 
fxe3 8. Nf3 Qf4 9. dxe3 Qe4 10. Bxh8 Bg4 11. Nbd2 Qf5 12. Bb2 O-O-O 13. 
Bxc6 bxc6 14. Qe2 Re8 15. Qa6+ Kd7 16. h3 Bxf3 17. Nxf3 Rxe3 18. Bd4 Rxf3+
19. Kg1 Qg5 20. Qe2 Rf4 21. Be3 Qe5 22. Re1 Re4 23. Qf3 Nf6 24. Rf1 Bc5 
25. Bxc5 Ke6 26. Qxf6+ Qxf6 27. Rxf6+ Kxf6 28. Kf2 a6 29. Re1 Rf4+ 30. Kg3
Rf5 31. Be7+ Kg6 32. h4 f6 33. Bc5 h5 34. Bd4 Kg7 35. Re7+ Kg6 36. Rxc7 
Rf1 37. Rxc6 1-0

[Event "European Cities & Towns Chess Championship - Youth"]
[Site "Central Europe"]
[Date "2023.01.29"]
[Round "5.1.4"]
[White "Spagkakas, Konstantinos"]
[Black "Sahin, Zeynep Duru"]
[Result "0-1"]
[WhiteElo "1251"]
[BlackElo "1385"]
[BlackCountry "TR"]
[BlackFideId "51606550"]
[BlackTeam "Istanbul"]
[WhiteCountry "GR"]
[WhiteFideId "25876384"]
[WhiteTeam "Thessaloniki"]

1. c4 e5 2. Nc3 Nf6 3. Nf3 Nc6 4. g3 Bc5 5. Bg2 O-O 6. O-O d6 7. e3 Bg4 8.
 h3 Bxf3 9. Bxf3 Qd7 10. Bg2 a5 11. b3 Rab8 12. Ne2 d5 13. cxd5 Nxd5 14. 
a3 f5 15. Bb2 Rfe8 16. Rc1 Bb6 17. d3 Nxe3 18. fxe3 Bxe3+ 19. Kh1 Bxc1 20.
 Nxc1 g6 21. Qf3 Nd4 22. Bxd4 Qxd4 23. Qd5+ Qxd5 24. Bxd5+ Kg7 25. Ne2 c6 
26. Bg2 Rbd8 27. Rd1 e4 28. d4 g5 29. h4 h6 30. Bh3 Kf6 31. Rf1 Rd5 32. 
Nc3 Rxd4 33. Bxf5 Kg7 34. Re1 e3 35. h5 Kf6 36. Bg6 Re5 37. Rf1+ Ke6 38. 
Re1 Rd2 39. Ne4 Ra2 40. Rxe3 Rxa3 41. Nxg5+ hxg5 42. Rf3 Re2 43. Rf1 Raa2 
44. Bf5+ Ke5 0-1

[Event "European Cities & Towns Chess Championship - Youth"]
[Site "Central Europe"]
[Date "2023.01.29"]
[Round "5.2.1"]
[White "Sahin, Sarp"]
[Black "Gales, Randi-Ioan"]
[Result "1-0"]
[WhiteElo "1841"]
[BlackElo "1911"]
[BlackCountry "RO"]
[BlackFideId "1285360"]
[BlackTeam "CSM Galati"]
[WhiteCountry "TR"]
[WhiteFideId "51605066"]
[WhiteTeam "Ankara"]

1. e4 c5 2. Nf3 Nc6 3. d4 cxd4 4. Nxd4 Nf6 5. Nc3 e5 6. Ndb5 d6 7. Bg5 a6 
8. Na3 b5 9. Nd5 Be7 10. Bxf6 Bxf6 11. c3 Bg5 12. Be2 O-O 13. O-O Ne7 14. 
Nc2 Nxd5 15. Qxd5 Be6 16. Qd1 f5 17. exf5 Bxf5 18. Bf3 Rc8 19. Nb4 Qb6 20.
 a4 bxa4 21. Rxa4 a5 22. Qd5+ Kh8 23. Qxa5 Qb8 24. Qd5 Bd7 25. Ra3 Rc5 26.
 Na6 Qxb2 27. Nxc5 Qxa3 28. Nxd7 Rd8 29. Qc6 Qa7 30. Nb6 h6 31. Nc4 Qe7 
32. Rd1 Bf4 33. Nxd6 Rf8 34. Ne4 Kh7 35. h3 Rb8 36. Qd7 Qf8 37. c4 Rc8 38.
 c5 Qe8 39. Qf5+ g6 40. Qd7+ Kg8 41. Nf6+ 1-0

[Event "European Cities & Towns Chess Championship - Youth"]
[Site "Central Europe"]
[Date "2023.01.29"]
[Round "5.2.2"]
[White "Leu, Dragos Stefan"]
[Black "Yilmaz, Baver"]
[Result "1-0"]
[WhiteElo "1810"]
[BlackElo "1779"]
[BlackCountry "TR"]
[BlackFideId "26363542"]
[BlackTeam "Ankara"]
[WhiteCountry "RO"]
[WhiteFideId "1292730"]
[WhiteTeam "CSM Galati"]

1. d4 Nf6 2. Bf4 g6 3. Nc3 d5 4. Qd2 Bg7 5. O-O-O O-O 6. Bh6 c6 7. h4 b5 
8. h5 b4 9. Nb1 Bf5 10. hxg6 fxg6 11. f3 Nbd7 12. g4 Be6 13. Bxg7 Kxg7 14.
 Qh6+ Kg8 15. Nh3 Re8 16. Ng5 Nf8 17. e4 dxe4 18. Nxe6 Nxe6 19. Bc4 Qd6 
20. fxe4 Kh8 21. e5 Qd7 22. Bxe6 Qxe6 23. exf6 Qf7 24. Qg7+ Qxg7 25. fxg7+
Kxg7 26. Nd2 Rad8 27. Ne4 Rd5 28. g5 Red8 29. Nc5 R8d6 30. Rde1 Kg8 31. 
Rxe7 Rxd4 32. Ne4 Rd8 33. Nf6+ Kf8 34. Rexh7 R8d6 35. b3 a5 36. Ra7 Rd1+ 
37. Rxd1 Rxd1+ 38. Kxd1 a4 39. Ke2 c5 40. Ke3 axb3 41. axb3 c4 42. Ke4 
cxb3 43. Ke5 bxc2 44. Ke6 c1=Q 45. Rf7# 1-0

[Event "European Cities & Towns Chess Championship - Youth"]
[Site "Central Europe"]
[Date "2023.01.29"]
[Round "5.2.3"]
[White "Celebi, Mehmet Alper"]
[Black "Mohonea, Alexandru"]
[Result "1-0"]
[WhiteElo "1614"]
[BlackElo "1329"]
[BlackCountry "RO"]
[BlackFideId "42205077"]
[BlackTeam "CSM Galati"]
[WhiteCountry "TR"]
[WhiteFideId "51603934"]
[WhiteTeam "Ankara"]

1. e4 c5 2. Nc3 e6 3. d4 cxd4 4. Qxd4 Nc6 5. Qd2 a6 6. b3 Nf6 7. Bb2 Bb4 
8. f3 d5 9. exd5 Nxd5 10. O-O-O Qa5 11. Nge2 O-O 12. a3 Bxc3 13. Nxc3 Nxc3
14. Qxc3 Qxc3 15. Bxc3 Rd8 16. Bd3 b5 17. Be4 Bb7 18. f4 Na5 19. Rxd8+ 
Rxd8 20. Bxa5 Rb8 21. Bc7 Rc8 22. Bxb7 Rxc7 23. Rd1 g6 24. Bxa6 Ra7 25. 
Bxb5 Rxa3 26. Ba4 Ra1+ 27. Kd2 Rxd1+ 28. Kxd1 Kg7 29. b4 Kf6 30. b5 Ke7 
31. b6 Kd6 32. c4 f6 33. c5+ Kd5 34. b7 Kxc5 35. b8=Q Kd5 36. Qb5+ Kd6 37.
 Qc6+ Ke7 38. Qd7+ Kf8 39. Qe8+ Kg7 40. Qe7+ Kh6 41. Qxf6 e5 42. fxe5 Kh5 
43. e6 Kh6 44. e7 Kh5 45. e8=Q Kh6 46. Qe3+ Kh5 47. Qh3# 1-0

[Event "European Cities & Towns Chess Championship - Youth"]
[Site "Central Europe"]
[Date "2023.01.29"]
[Round "5.2.4"]
[White "George, Cernencu"]
[Black "Ozugur, Bartu Okan"]
[Result "1-0"]
[WhiteElo "1000"]
[BlackElo "1177"]
[BlackCountry "TR"]
[BlackFideId "26321289"]
[BlackTeam "Ankara"]
[Termination "time forfeit"]
[WhiteTeam "CSM Galati"]

1. e4 e6 2. d4 d5 3. e5 c5 4. c3 Nc6 5. Nf3 Qb6 6. Bd3 Bd7 7. Be2 cxd4 8. 
cxd4 Nge7 9. Na3 Nf5 10. Nc2 Be7 11. O-O h5 12. Rb1 a5 13. a3 a4 14. Be3 
O-O-O 15. Qd2 Nxe3 16. fxe3 g5 17. Nfe1 Rdg8 18. Rxf7 g4 19. Nd3 Be8 20. 
Rff1 Bg5 21. Nf4 Rf8 22. Nxe6 Rxf1+ 23. Kxf1 Bh6 24. Kg1 Bg6 25. Nf4 Bxc2 
26. Qxc2 Bxf4 27. exf4 Qxd4+ 28. Kh1 Qxf4 29. Qc3 Qxe5 30. Qxe5 Nxe5 31. 
Rc1+ Kd7 32. Bb5+ Kd6 33. Bxa4 Nd3 34. Rb1 Rf8 35. Kg1 Rf2 36. Bb5 Ne5 37.
 Kxf2 h4 38. Be2 Kc5 39. Rc1+ Kd4 40. Rd1+ 1-0

[Event "European Cities & Towns Chess Championship - Youth"]
[Site "Central Europe"]
[Date "2023.01.29"]
[Round "5.3.1"]
[White "Molchanov, Roman"]
[Black "Dodoi, Matei-Teodor"]
[Result "1-0"]
[WhiteElo "1329"]
[BlackElo "1745"]
[BlackCountry "RO"]
[BlackFideId "1278029"]
[BlackTeam "Ia?i - Region"]
[WhiteCountry "UA"]
[WhiteFideId "34131086"]
[WhiteTeam "Lviv Chess Federation"]

1. e4 c5 2. Nf3 d6 3. c3 Nf6 4. h3 g6 5. Bd3 Bg7 6. O-O O-O 7. Re1 e5 8. 
Bc2 Nc6 9. d3 Be6 10. Be3 Qe7 11. d4 cxd4 12. cxd4 exd4 13. Nxd4 Nxd4 14. 
Bxd4 Rfd8 15. Nc3 Nd7 16. Bxg7 Kxg7 17. Bb3 Bxb3 18. Qxb3 Nc5 19. Qc2 Rac8
20. Qd2 Ne6 21. Nd5 Qg5 22. Qxg5 Nxg5 23. f4 Ne6 24. Rac1 Nc5 25. Re3 Re8 
26. b4 Ne6 27. Rec3 Rxc3 28. Rxc3 a5 29. a3 axb4 30. axb4 Ra8 31. f5 Nd4 
32. Rc7 gxf5 33. exf5 Ra1+ 34. Kf2 b5 35. f6+ Kg6 36. Rd7 Ra2+ 37. Kf1 Nf5
38. g4 Ng3+ 39. Ke1 Ne4 40. h4 h6 41. Rd8 Kh7 42. Rf8 Ra1+ 43. Ke2 Ng3+ 
44. Kd3 Ra3+ 45. Kc2 Ra2+ 46. Kb3 Ra7 47. Ne7 Ne4 48. Rxf7+ Kh8 49. Ng6+ 
Kg8 50. Rxa7 1-0

[Event "European Cities & Towns Chess Championship - Youth"]
[Site "Central Europe"]
[Date "2023.01.29"]
[Round "5.3.2"]
[White "Costache, Andrei Eugeniu"]
[Black "Gavker, Markiyan"]
[Result "0-1"]
[WhiteElo "1632"]
[BlackElo "1310"]
[BlackCountry "UA"]
[BlackFideId "34133810"]
[BlackTeam "Lviv Chess Federation"]
[WhiteCountry "RO"]
[WhiteFideId "42206057"]
[WhiteTeam "Ia?i - Region"]

1. e4 c5 2. Nf3 Nc6 3. Bb5 d6 4. d4 cxd4 5. Nxd4 Bd7 6. Nxc6 bxc6 7. Bd3 
Nf6 8. O-O e5 9. Nc3 Be7 10. h3 O-O 11. Be3 h6 12. Kh1 c5 13. f4 Bc6 14. 
b3 Nd7 15. Nd5 Bxd5 16. exd5 Bf6 17. Rc1 exf4 18. Bxf4 Ne5 19. Be4 Bg5 20.
 Bxg5 Qxg5 21. Rf5 Qe3 22. Qe1 Qxe1+ 23. Rxe1 a5 24. a4 Rab8 25. Rf4 Rb4 
26. Rf2 c4 27. Re3 cxb3 28. cxb3 Rfb8 29. Bc2 Rd4 30. Be4 Rdb4 31. Bc2 Rd4
32. Be4 Nd7 33. Bf3 Nc5 34. Re7 Rxb3 35. Bh5 g6 36. Rexf7 gxh5 37. Rf8+ 
Kg7 38. R8f7+ Kg6 39. R2f6+ Kg5 40. Rf5+ Kh4 41. Kh2 Rb2 42. Rg7 Nd3 43. 
Kh1 Nf2+ 44. Kh2 Nxh3 45. Rg3 Ng5 46. Rf6 Rg4 47. Re3 Rgxg2+ 48. Kh1 Rh2+ 
49. Kg1 Nh3+ 50. Kf1 Rb1+ 51. Re1 Rh1+ 52. Kg2 Rhxe1 53. Rf7 Rb2+ 54. Kf3 
Rf1+ 55. Ke4 Rxf7 56. Kd4 Rb4+ 57. Kc3 Rf3+ 58. Kd2 Rb2+ 59. Ke1 Ra3 60. 
Kd1 Ra1# 0-1

[Event "European Cities & Towns Chess Championship - Youth"]
[Site "Central Europe"]
[Date "2023.01.29"]
[Round "5.3.3"]
[White "Hychkevych, Vitaliy"]
[Black "Codru, Raul Cristian"]
[Result "1-0"]
[WhiteElo "1251"]
[BlackElo "1344"]
[BlackCountry "RO"]
[BlackFideId "42203996"]
[BlackTeam "Ia?i - Region"]
[WhiteCountry "UA"]
[WhiteFideId "34127046"]
[WhiteTeam "Lviv Chess Federation"]

1. d4 Nf6 2. c4 g6 3. Nc3 d5 4. Nf3 Bg7 5. Bg5 c6 6. e3 Bg4 7. Be2 Nbd7 8.
 cxd5 cxd5 9. O-O O-O 10. Rc1 Rc8 11. Qb3 Nb6 12. h3 Bf5 13. a4 a5 14. Qb5
Ra8 15. Ne5 h6 16. Bh4 Ne4 17. Nxe4 Bxe4 18. f3 Bf5 19. g4 Be6 20. Bxe7 
Qxe7 21. Qxb6 Bxe5 22. dxe5 Rfc8 23. f4 Qh4 24. Kg2 Rxc1 25. Rxc1 h5 26. 
Qxb7 Rf8 27. b4 axb4 28. a5 hxg4 29. hxg4 Bxg4 30. Rh1 Qd8 31. Bxg4 Qxa5 
32. e6 Qa2+ 33. Kg3 Qd2 34. exf7+ Rxf7 35. Qc8+ Rf8 36. Be6+ Kg7 37. Qc7+ 
Kf6 38. Qe5+ Ke7 39. Rh7+ Kd8 40. Qd6+ Ke8 41. Re7# 1-0

[Event "European Cities & Towns Chess Championship - Youth"]
[Site "Central Europe"]
[Date "2023.01.29"]
[Round "5.3.4"]
[White "Minescu, Leon"]
[Black "Korchevskyi, Volodymyr"]
[Result "0-1"]
[WhiteElo "1317"]
[BlackElo "1244"]
[BlackCountry "UA"]
[BlackFideId "34157310"]
[BlackTeam "Lviv Chess Federation"]
[WhiteCountry "RO"]
[WhiteFideId "1294148"]
[WhiteTeam "Ia?i - Region"]

1. d4 Nf6 2. c4 e5 3. dxe5 Ng4 4. Nf3 Nc6 5. e3 Ngxe5 6. Nxe5 Nxe5 7. Be2 
b6 8. Nc3 Bb7 9. O-O Bd6 10. b3 Qh4 11. g3 Qh3 12. Nd5 g5 13. Bb2 O-O-O 
14. f4 gxf4 15. exf4 Bc5+ 16. Bd4 Bxd4+ 17. Qxd4 Nc6 18. Qf2 h5 19. Qg2 
Qe6 20. Rfe1 h4 21. Bf3 Qh6 22. Ne7+ Kb8 23. Nf5 Qf6 24. Ne3 hxg3 25. hxg3
Rdg8 26. Ng4 Rxg4 27. Bxg4 Nd4 28. Re4 Bxe4 29. Qxe4 Ne2+ 30. Qxe2 Qxa1+ 
31. Kg2 Qh1+ 32. Kf2 Rh2+ 33. Ke3 Rxe2+ 34. Bxe2 Qg2 35. Bf3 Qxg3 36. Ke4 
Qe1+ 37. Kd5 c5 38. Be4 f6 39. f5 Qd2+ 0-1

[Event "European Cities & Towns Chess Championship - Youth"]
[Site "Central Europe"]
[Date "2023.01.29"]
[Round "5.4.1"]
[White "Capjak, David"]
[Black "Gromosiak, Antonii"]
[Result "1-0"]
[WhiteElo "1122"]
[BlackElo "1735"]
[BlackCountry "UA"]
[BlackFideId "34121366"]
[BlackTeam "Kyiv region"]
[Termination "time forfeit"]
[WhiteCountry "HR"]
[WhiteFideId "14582554"]
[WhiteTeam "Zagreb"]

1. d4 d5 2. Bf4 Nf6 3. Nf3 Bf5 4. e3 e6 5. c3 Bd6 6. Bg3 O-O 7. Bd3 Ne4 8.
 Bxd6 cxd6 9. O-O Nc6 10. Qc2 Rc8 11. Nbd2 Nb4 12. Qb1 Nxd3 13. Qxd3 Ng3 
14. Qb5 Nxf1 15. Rxf1 Qb6 16. Qxb6 axb6 17. Nh4 Bg6 18. Nxg6 hxg6 19. f4 
f6 20. g3 e5 21. Nf3 e4 22. Nh4 g5 23. Nf5 Rc7 24. Nxd6 gxf4 25. Rxf4 Rd7 
26. Nf5 g6 27. Nh6+ Kg7 28. Ng4 b5 29. h4 b4 30. cxb4 Rc7 31. Rf2 Rc1+ 32.
 Rf1 f5 33. Rxc1 fxg4 34. Rc7+ Kh6 35. Rc3 Rf3 36. Kg2 Rf7 37. a4 Kg7 38. 
Rc5 Rd7 39. b5 Kf6 40. a5 Ke6 41. b4 b6 42. axb6 Rb7 43. Rc6+ Kf7 44. Kf2 
Ke8 45. Rxg6 Kd7 46. Rxg4 Rxb6 47. Rg7+ Ke8 48. Rg5 Rxb5 49. h5 Rxb4 50. 
Rxd5 Kf7 51. Re5 Rb2+ 52. Kf1 Rb1+ 53. Kg2 Kf6 54. Rxe4 Kg5 55. Re5+ Kg4 
56. h6 Rb2+ 57. Kf1 Kf3 58. Kg1 Kxg3 59. Rg5+ Kh4 60. Rf5 Kg3 61. h7 Rb1+ 
62. Rf1 Rb8 63. d5 Rh8 64. Rf7 Kh3 65. d6 1-0

[Event "European Cities & Towns Chess Championship - Youth"]
[Site "Central Europe"]
[Date "2023.01.29"]
[Round "5.4.2"]
[White "Gromosiak, Oleksii"]
[Black "Botica, Viseslav"]
[Result "1-0"]
[WhiteElo "1312"]
[BlackElo "1072"]
[BlackCountry "HR"]
[BlackFideId "14574799"]
[BlackTeam "Zagreb"]
[WhiteCountry "UA"]
[WhiteFideId "34137904"]
[WhiteTeam "Kyiv region"]

1. e4 c5 2. Nf3 d6 3. d4 cxd4 4. Nxd4 Nf6 5. Nc3 a6 6. Be3 e5 7. Nf3 h6 8.
 h3 Be6 9. Be2 Be7 10. O-O O-O 11. Nh2 b5 12. a3 Nbd7 13. Ng4 Nxg4 14. 
Bxg4 Bxg4 15. Qxg4 Nf6 16. Qg3 Kh7 17. Qf3 Qd7 18. Rad1 Rae8 19. Nd5 Nxd5 
20. Rxd5 Rc8 21. c3 f5 22. exf5 Qxf5 23. Qxf5+ Rxf5 24. Rfd1 g5 25. g4 Rf7
26. a4 Rb8 27. axb5 axb5 28. Ra1 Kg6 29. Ra7 Bf8 30. Ra6 Kf6 31. Bc5 Rd7 
32. Bxd6 Rxd6 33. Rdxd6+ Bxd6 34. Rxd6+ Kg7 35. Re6 b4 36. c4 Rc8 37. b3 
Rc5 38. Kg2 Ra5 39. Rb6 e4 40. Rxb4 h5 41. gxh5 Kh6 42. Rb6+ Kxh5 43. Re6 
Ra3 44. Rb6 g4 45. hxg4+ Kxg4 46. c5 Kf4 47. c6 Ra8 48. c7 Rc8 49. Rc6 e3 
50. fxe3+ Kxe3 51. b4 Kd4 52. b5 Kd5 53. Kf3 Rf8+ 54. Ke3 Re8+ 55. Kd3 Rc8
56. Kc3 Ke5 57. b6 Kd5 58. b7 Rh8 59. c8=Q Rh3+ 60. Qxh3 Kxc6 61. b8=Q Kc5
62. Qb4+ Kc6 63. Qe6+ Kc7 64. Qbb6# 1-0

[Event "European Cities & Towns Chess Championship - Youth"]
[Site "Central Europe"]
[Date "2023.01.29"]
[Round "5.4.3"]
[White "Kovac, Faust"]
[Black "Chunikhin, Miron"]
[Result "1-0"]
[WhiteElo "1000"]
[BlackElo "1000"]
[BlackCountry "UA"]
[BlackFideId "34161325"]
[BlackTeam "Kyiv region"]
[WhiteCountry "HR"]
[WhiteFideId "14595338"]
[WhiteTeam "Zagreb"]

1. e4 e5 2. Nf3 Nc6 3. Bc4 Nf6 4. Ng5 d5 5. exd5 Na5 6. Bb5+ c6 7. dxc6 
bxc6 8. Be2 Bd6 9. d3 h6 10. Nf3 O-O 11. Nc3 Re8 12. O-O Bg4 13. h3 Bxf3 
14. Bxf3 Bc7 15. Bd2 Qd6 16. Ne4 Nxe4 17. dxe4 f5 18. Bxa5 Bxa5 19. Qxd6 
fxe4 20. Bxe4 Rac8 21. Bxc6 Bc7 22. Qa3 e4 23. Rfe1 Red8 24. Qb3+ Kh8 25. 
Rxe4 Kh7 26. g3 Rd2 27. Re7 Bb6 28. Be4+ Kh8 29. Qf7 Bxf2+ 30. Kf1 Bd4 31.
 c3 Rf2+ 32. Qxf2 Bxf2 33. Kxf2 Rf8+ 34. Ke3 g5 35. Rxa7 h5 36. Ra8 Rxa8 
37. Bxa8 Kg7 38. Rf1 Kg6 39. b4 g4 40. h4 Kh6 41. b5 Kh7 42. b6 Kh6 43. b7
Kg7 44. b8=Q Kg6 45. Qg8+ Kh6 46. Rf6# 1-0

[Event "European Cities & Towns Chess Championship - Youth"]
[Site "Central Europe"]
[Date "2023.01.29"]
[Round "5.4.4"]
[White "Andrey, Dudnikov"]
[Black "Malaric, Marko"]
[Result "0-1"]
[WhiteElo "1000"]
[BlackElo "1234"]
[BlackCountry "HR"]
[BlackFideId "14594960"]
[BlackTeam "Zagreb"]
[WhiteTeam "Kyiv region"]

1. e4 c5 2. Nf3 a6 3. d4 cxd4 4. Qxd4 Nc6 5. Qa4 g6 6. Be2 Bg7 7. O-O e6 
8. Nc3 Nge7 9. Nb5 O-O 10. Nd6 Qc7 11. Nxc8 Raxc8 12. Rd1 d5 13. exd5 Nxd5
14. c4 Nb6 15. Qc2 Na5 16. b3 Bxa1 17. Bh6 Bg7 18. Bg5 Nc6 19. c5 Nd5 20. 
a3 Nc3 21. Rc1 Nxe2+ 22. Qxe2 Nd4 23. Nxd4 Bxd4 24. Bh6 Bg7 25. Bg5 Qe5 
26. Qxe5 Bxe5 0-1

[Event "European Cities & Towns Chess Championship - Youth"]
[Site "Central Europe"]
[Date "2023.01.29"]
[Round "5.5.1"]
[White "Beber, Anja"]
[Black "Rusu, Lucas"]
[Result "0-1"]
[WhiteElo "1591"]
[BlackElo "1625"]
[BlackCountry "RO"]
[BlackFideId "42206472"]
[BlackTeam "Iasi"]
[WhiteCountry "SI"]
[WhiteFideId "14642255"]
[WhiteTeam "Ljubljana U12"]

1. e4 e5 2. Bc4 Bc5 3. d3 Nf6 4. Nf3 Nc6 5. O-O d6 6. h3 h6 7. c3 Bb6 8. 
Bb3 Qe7 9. Nbd2 Be6 10. Bc2 O-O-O 11. b4 d5 12. a4 dxe4 13. dxe4 a6 14. b5
Nb8 15. bxa6 Nxa6 16. a5 Ba7 17. Ba3 Bc5 18. Bb2 Rhe8 19. Qe2 Nh5 20. Ba4 
Ng3 21. Qe1 Nxf1 22. Qxf1 Bd7 23. Bb3 Be6 24. Bc2 f6 25. Bd3 Qd6 26. Bb5 
Rf8 27. Ba4 f5 28. exf5 Bxf5 29. Nc4 Qe6 30. Ncxe5 Bd6 31. Re1 Qa2 32. Qb5
c6 33. Nxc6 Bd7 34. Nfd4 Nc7 35. Ra1 Qxa1+ 36. Bxa1 Nxb5 37. Nxb5 Bxc6 38.
 Na7+ Kb8 39. Nxc6+ bxc6 40. Bxc6 Bc5 41. Bb2 Rd1+ 42. Kh2 Bxf2 43. g3 Rd2
44. Ba3 Bc5+ 45. Kh1 Rf1# 0-1

[Event "European Cities & Towns Chess Championship - Youth"]
[Site "Central Europe"]
[Date "2023.01.29"]
[Round "5.5.2"]
[White "Cazacu, Iustin-Nicolas"]
[Black "Kartashov, Maksim"]
[Result "1-0"]
[WhiteElo "1549"]
[BlackElo "1000"]
[BlackCountry "SI"]
[BlackFideId "14655446"]
[BlackTeam "Ljubljana U12"]
[WhiteCountry "RO"]
[WhiteFideId "42206367"]
[WhiteTeam "Iasi"]

1. Nf3 Nc6 2. d4 e5 3. dxe5 d6 4. exd6 Bxd6 5. g3 Nf6 6. Bg2 O-O 7. O-O 
Ng4 8. h3 Nge5 9. Nxe5 Bc5 10. Qxd8 Rxd8 11. Nxc6 bxc6 12. Bf4 Rd7 13. 
Bxc6 Re7 14. Bxa8 Bxh3 15. Rd1 g6 16. Bh6 f5 17. Bd5+ Kh8 18. Be6 Re8 19. 
Rd7 f4 20. Bg7# 1-0

[Event "European Cities & Towns Chess Championship - Youth"]
[Site "Central Europe"]
[Date "2023.01.29"]
[Round "5.5.3"]
[White "Kartashov, Nikita"]
[Black "Dumitru, Rucsandra Sofia"]
[Result "1-0"]
[WhiteElo "1000"]
[BlackElo "1156"]
[BlackCountry "RO"]
[BlackFideId "42204011"]
[BlackTeam "Iasi"]
[WhiteCountry "SI"]
[WhiteFideId "14655454"]
[WhiteTeam "Ljubljana U12"]

1. e4 c5 2. Nf3 e6 3. d4 cxd4 4. Nxd4 a6 5. Nc3 Qc7 6. Bd3 Nf6 7. Bg5 Be7 
8. O-O O-O 9. Re1 d6 10. Qf3 Nc6 11. Nxc6 bxc6 12. Qg3 Qd8 13. Be2 g6 14. 
e5 Nh5 15. Bxh5 Bxg5 16. Bf3 d5 17. h4 Bxh4 18. Qh3 Bg5 19. Bg4 h5 20. Bd1
Bh6 21. Qg3 Qg5 22. Qf3 Rb8 23. b3 Qd2 24. Be2 Qg5 25. Qh3 Qxe5 26. g4 Qg5
27. Kf1 e5 28. f3 Be6 29. Bxa6 hxg4 30. fxg4 Bxg4 31. Qh2 Qf5+ 32. Kg1 e4 
33. Qxh6 Qf3 34. Re2 Qg3+ 35. Rg2 Qe3+ 36. Qxe3 1-0

[Event "European Cities & Towns Chess Championship - Youth"]
[Site "Central Europe"]
[Date "2023.01.29"]
[Round "5.5.4"]
[White "Tcaciuc, Smaranda-Maria"]
[Black "Kovacic, Jakob"]
[Result "0-1"]
[WhiteElo "1105"]
[BlackElo "1000"]
[BlackCountry "SI"]
[BlackFideId "14645645"]
[BlackTeam "Ljubljana U12"]
[WhiteCountry "RO"]
[WhiteFideId "42204992"]
[WhiteTeam "Iasi"]

1. d4 d5 2. c4 dxc4 3. e3 Nf6 4. Bxc4 e6 5. Nf3 Bd6 6. Nc3 O-O 7. O-O c5 
8. dxc5 Bxc5 9. Qc2 h6 10. Bd2 Nc6 11. a3 a5 12. Na4 Be7 13. Rad1 Qc7 14. 
Bb5 Bd7 15. Bxc6 Qxc6 16. Qxc6 Bxc6 17. Nc3 Bd6 18. Nd4 Bd5 19. Nxd5 Nxd5 
20. e4 Nc7 21. Nb3 a4 22. Nc1 Be5 23. Bc3 Bxc3 24. bxc3 Nb5 25. Na2 Nxa3 
26. Rd7 b5 27. Nb4 Rfd8 28. Rfd1 Rdc8 29. Na2 Kf8 30. Rb7 Rab8 31. Rdd7 
Rd8 32. Rxb8 Rxb8 33. Kf1 Ke8 34. Rc7 Nc2 35. Ke2 b4 36. cxb4 Nxb4 37. 
Nxb4 Rxb4 38. Ra7 Rxe4+ 39. Kf3 Rb4 40. Ra8+ Ke7 41. Ra7+ Kf6 42. g3 Rb3+ 
43. Ke2 a3 44. Kd1 g5 45. h3 Kg6 46. Kc1 Rf3 47. Kb1 f5 48. Ka1 g4 49. h4 
Rxf2 50. Rxa3 Rf3 51. Ra6 Kf6 52. Ra8 Rxg3 53. Rf8+ Kg7 54. Re8 Re3 55. 
Re7+ Kg6 56. Re8 g3 57. Rg8+ Kh5 58. Kb2 Kxh4 59. Rg6 h5 60. Rh6 Kg5 61. 
Rh8 f4 62. Rg8+ Kh4 63. Rh8 g2 64. Rg8 Rg3 65. Rxg3 Kxg3 66. Kc2 g1=Q 67. 
Kd2 f3 68. Kd3 Qd1+ 69. Ke3 Qe2+ 70. Kd4 f2 71. Kc3 Qd3+ 72. Kxd3 f1=R 73.
 Ke2 Rf5 74. Ke1 h4 75. Ke2 h3 76. Ke1 h2 77. Ke2 Rf2+ 78. Ke1 h1=R# 0-1

[Event "European Cities & Towns Chess Championship - Youth"]
[Site "Central Europe"]
[Date "2023.01.29"]
[Round "5.6.1"]
[White "Tamiolakis, Grigorios"]
[Black "Tzimas, Konstantinos"]
[Result "1-0"]
[WhiteElo "1226"]
[BlackElo "1275"]
[BlackCountry "GR"]
[BlackFideId "42123828"]
[BlackTeam "Ioannina"]
[WhiteCountry "GR"]
[WhiteFideId "42143799"]
[WhiteTeam "Heraklion"]

1. e4 c5 2. Nf3 d6 3. c3 Nf6 4. Be2 Nxe4 5. Qa4+ Nc6 6. Qxe4 e5 7. O-O Bd7
8. d4 f5 9. Qd3 e4 10. Qe3 Be7 11. Nfd2 Bg5 12. f4 Be7 13. dxc5 dxc5 14. 
Nb3 b6 15. Rd1 O-O 16. Bc4+ Kh8 17. Be6 Bxe6 18. Rxd8 Raxd8 19. Bd2 Bxb3 
20. axb3 c4 21. Qe2 Bc5+ 22. Kh1 e3 23. Be1 cxb3 24. Na3 g5 25. Bg3 h5 26.
 Qxh5+ Kg7 27. Qxg5+ Kh8 28. Qh6+ Kg8 29. Qxc6 e2 30. Qf3 Rfe8 31. h3 Bxa3
32. bxa3 b2 33. Rb1 Rd2 34. Be1 Rc2 35. Qd5+ Kh8 36. Qxf5 Rc1 37. Qh5+ Kg7
38. Qxe8 Rxb1 39. Qxe2 Kf6 40. Kh2 a5 41. Qc2 Rxe1 42. Qxb2 Re6 43. c4+ 
Kf5 44. c5 bxc5 45. Qb5 Kxf4 46. Qxc5 Re5 47. Qd4+ Kf5 48. Qxe5+ Kxe5 49. 
g4 Kf4 50. a4 Kg5 51. Kg3 Kg6 52. h4 Kg7 53. h5 Kh6 54. Kh4 Kh7 55. g5 Kh8
56. Kg4 Kh7 57. g6+ Kh8 58. h6 Kg8 59. g7 Kh7 60. Kf5 Kg8 61. Ke5 Kh7 62. 
Kd5 Kg8 63. Kc5 Kh7 64. Kb5 Kg8 65. Kxa5 Kh7 66. Kb6 Kg8 67. a5 Kh7 68. a6
Kg8 69. a7 Kh7 70. a8=Q Kg6 71. g8=Q+ Kf5 72. Qad5+ Kf4 73. Qgg5# 1-0

[Event "European Cities & Towns Chess Championship - Youth"]
[Site "Central Europe"]
[Date "2023.01.29"]
[Round "5.6.2"]
[White "Tzima, Anthia"]
[Black "Anastasaki, Georgia"]
[Result "1-0"]
[WhiteElo "1116"]
[BlackElo "1000"]
[BlackCountry "GR"]
[BlackFideId "42112419"]
[BlackTeam "Heraklion"]
[WhiteCountry "GR"]
[WhiteFideId "42124042"]
[WhiteTeam "Ioannina"]

1. e4 e5 2. Nf3 Nc6 3. d4 exd4 4. Bc4 d6 5. Nxd4 Nxd4 6. Qxd4 Nf6 7. Nc3 
Be7 8. O-O c5 9. Qe3 Bd7 10. Qg3 g6 11. Bh6 Bf8 12. Bxf8 Rxf8 13. Rfe1 Be6
14. Bb3 Bxb3 15. axb3 Qd7 16. Qh4 Nh5 17. Nd5 Rh8 18. g4 Kf8 19. gxh5 gxh5
20. Qxh5 Re8 21. Nf6 Qg4+ 22. Nxg4 b6 23. Nh6 Re7 24. Re3 Ke8 25. Rg3 Rxe4
26. Qxf7+ Kd8 27. Rxa7 Rhe8 28. Ra8# 1-0